| 000 | 02166nam0a2200397 i 4500 | ||
|---|---|---|---|
| 001 | RU\NLR\BIBL_A\011005859 | ||
| 005 | 20241103100230.0 | ||
| 010 |
_a9785906647351 _9500 |
||
| 021 |
_aRU _b2016-10478 _9683 |
||
| 035 | _a(NILC)RuMoRGB-008142974 | ||
| 035 | _a(NLR Aleph) 011005859 | ||
| 090 |
_a10994758 _c10994758 |
||
| 100 | _a20160304d2015 k y0rusy50 ca | ||
| 101 | 0 | _arus | |
| 102 | _aRU | ||
| 105 | _aa|||z||||||y| | ||
| 200 | 1 |
_aВидовое разнообразие микроорганизмов, сбраживающих лактозу, в Республике Северная Осетия - Алания и их практическое использование _eмонография _fЦугкиев Б. Г., Кабисов Р. Г., Рамонова Э. В., Петрукович А. Г. _gМ-во сельского хоз-ва Российской Федерации, Федеральное гос. бюджетное образовательное учреждение высш. образования "Горский гос. аграрный ун-т" |
|
| 210 |
_aВладикавказ _cГорский госагроуниверситет _d2015 |
||
| 215 |
_a239 с. _cил., табл. _d21 |
||
| 320 | _aБиблиогр.: с. 204-239 | ||
| 606 | 1 |
_aМолочно-кислые продукты _xПроизводство _91104534 _3RU\NLR\AUTH\66435464 |
|
| 606 |
_aЛактобактерии _xПрименение в животноводстве _92282641 _3RU\NLR\AUTH\6601595619 |
||
| 606 |
_aЛактобактерии _xПрименение в пищевом производстве _92084653 _3RU\NLR\AUTH\661260744 |
||
| 675 | _a579 | ||
| 686 | 1 | _aП545.126 | |
| 686 | 1 | _aЛ87-11 | |
| 686 | 1 | _aЛ955 | |
| 701 | 1 |
_aЦугкиев _bБ.Г. _gБорис Георгиевич |
|
| 701 | 1 |
_aКабисов _bР. Г. _gРуслан Гельбертович |
|
| 701 | 1 |
_aРамонова _bЭ. В. _gЭлла Викторовна |
|
| 701 | 1 |
_aПетрукович _bА. Г. _gАндрей Георгиевич |
|
| 801 | 0 |
_aRU _bРГБ _c20160211 _gRCR |
|
| 942 | _cBOOK | ||
| 980 | _aNBR | ||